000
00292nam a2200121Ia 4500
082
_a
610.72
_b
S09D
100
_a
DALAL,AJIT K
245
_a
SOCIAL DIMENTIONS OF HEALTH
250
_a
1ST
260
_b
RAWAT PUB.
_a
JAIPUR
_c
2009
650
_a
OTHER CLINICAL & NON CLINICAL BOOKS
942
_2
ddc
_c
BK
999
_c
1107
_d
1107